Approaches to social research /

Bibliographic Details
Other Authors: Singleton, Royce
Format: Book
Language:English
Published: New York : Oxford University Press, 1988.
Subjects:

MARC

Tag First Indicator Second Indicator Subfields
LEADER 00000cam a2200000 a 4500
001 in00000019976
005 20151007053802.0
008 870421s1988 nyua b 00100 eng
010 |a  87012187  
020 |a 019504469X (alk. paper) :  |c $31.00 
035 |a (OCoLC)15661297 
035 |9 AAB2806AM 
040 |a DLC  |c DLC  |d TXA  |d UtOrBLW 
049 |a TXAM  |c [A11493912] 
050 0 0 |a H62  |b .A628 1988 
082 0 |a 300/.72  |2 19 
245 0 0 |a Approaches to social research /  |c Royce Singleton, Jr. [and others]. 
264 1 |a New York :  |b Oxford University Press,  |c 1988. 
300 |a xviii, 541 pages :  |b illustrations ;  |c 25 cm. 
336 |a text  |b txt  |2 rdacontent 
337 |a unmediated  |b n  |2 rdamedia 
338 |a volume  |b nc  |2 rdacarrier 
504 |a Bibliography: pages 497-515. 
500 |a Includes indexes. 
650 0 |a Social sciences  |x Research. 
650 0 |a Social sciences  |x Methodology. 
700 1 |a Singleton, Royce. 
999 |a MARS 
999 f f |s ba49fa58-5580-3d62-a742-e211dadeac19  |i 4808baec-b64a-337c-a1f5-f01915e258e0  |t 0 
952 f f |p ric  |a Texas A&M University  |b Rellis Campus  |c Joint Library Facility  |d Remote Storage  |t 0  |e H62 .A628 1988  |h Library of Congress classification  |i unmediated -- volume  |m A14811493912 
998 f f |a H62 .A628 1988  |t 0  |l Remote Storage